Music memes - Statistics

General Stats
  • This quiz has been taken 8 times
    5 since last reset
  • The average score is 7 of 302
Answer Stats
Hint Answer % Correct
2011 Friday
50%
1999 Allstar
25%
2010 Baby
25%
2012 Call Me Maybe
25%
2000 Crawling
25%
1982 Da Da DA
25%
2009 Fireflies
25%
1810 Fur Elise
25%
2013 Harlem Shake
25%
1996 I believe I can Fly
25%
2000 In the end
25%
1970 In The Summertime
25%
2018 King's dead
25%
2017 Mask off
25%
1987 Never Gonna Give You Up
25%
1982 Our House
25%
2016 Panda
25%
2011 Renai Circulation
25%
1971 Roundabout
25%
2010 Shooting Stars
25%
1944 Soviet Union Anthem
25%
2004 Spiderman 2 Pizza Theme
25%
1977 Stayin Alive
25%
1985 Take on Me
25%
1998 Tunak tunak tun
25%
2014 We are Number One
25%
2006 Wii Sports Theme
25%
1996 X files theme
25%
1880 1812 Overture
0%
1933 20th Century Fox Theme
0%
2015 6 god
0%
1982 Africa
0%
2018 Ali-A intro
0%
1896 Also Sprach Zarathustra
0%
2004 America F* Yeah
0%
2014 Anaconda
0%
2017 Asian Jake Paul
0%
2002 A Thousand Miles
0%
2014 Attack On Titan Theme
0%
2012 Baby I'm Yours
0%
2018 Baby Shark
0%
2016 Bad and Boujee
0%
2003 Badgers
0%
2019 Bad Guy
0%
1997 Barbie Girl
0%
2010 Bed Intruder Song
0%
2017 Big enough
0%
1994 Big Poppa
0%
1993 Bill Nye the Science Guy theme
0%
2010 Black and Yellow
0%
2016 Black Beatles
0%
2018 B* Lasagna
0%
2017 Blend S theme
0%
2001 Bodies
0%
1975 Bohemian Rhapsody
0%
2004 Boulevard of Broken Dreams
0%
2013 Bound 2
0%
1988 Boyz N Da Hood
0%
2003 Bring Me to Life
0%
2010 Brody Quest
0%
1699 Canon In D Major
0%
1984 Careless Whisper
0%
1875 Carman Overture
0%
1983 Chariots of Fire
0%
2015 Cheeki Breeki Hardbass
0%
2011 Chicken Yodeling
0%
2007 Chocolate Rain
0%
1890 Clair De Lune
0%
2014 coco
0%
2019 Congratulations
0%
2005 Cooking by the book
0%
2007 Cory in the House Theme
0%
1995 Cotton Eyed Joe
0%
2018 Crab Rave
0%
2007 Crank That
0%
2005 Crazy Frog Axel F
0%
2000 Crazy Rap
0%
2008 CreditReport.com used car ad
0%
2000 Curb Your Enthusiasm Theme
0%
2001 Dame Tu Cosita
0%
2015 Dance Till You're Dead
0%
1999 Darude Sandstorm
0%
2017 Default Dance
0%
1999 Deja Vu
0%
2017 Despacito
0%
2004 Ding Dong Song
0%
1981 Down Under
0%
2013 Do You Want to Build a Snowman
0%
2004 Dragostea Din Tei
0%
2004 Drop it Like it's Hot
0%
2017 D rose
0%
1787 Eine Kleine Nachtmusik
0%
2002 Electric Zoo
0%
1897 Entry Of The Gladiators
0%
2010 Epic Sax Guy
0%
1983 Eye of the tiger
0%
2016 Farther Stretch My Hands
0%
2005 Feel Good Inc
0%
1984 Fichtl's Lied
0%
1986 Final Countdown
0%
2014 Flamingo
0%
2000 For the Damaged Coda
0%
2017 Fresh Man Cypher
0%
1992 Fresh Prince of Bel Air Theme
0%
1988 F* Tha Police
0%
2012 Gangham Style
0%
1998 Gas Gas Gas
0%
2017 Gay frogs
0%
1984 GhostBusters
0%
2013 Globglogabgalab
0%
2005 Gold Digger
0%
1976 Gonna Fly Now
0%
2011 Good Girls Bad Guys
0%
1995 Goosebumps Theme
0%
2017 Gucci Gang
0%
2011 Guillotine
0%
2017 Gummo
0%
1741 Hallelujah
0%
2000 Hamster Dance
0%
13th Handel Sarabande
0%
2007 Harder Better Faster Stronger
0%
1984 | 2015 Hello
0%
2003 He's a pirate
0%
2003 Hey Ya
0%
2005 Heyyeyaaeyaaaeyaeyaa
0%
2018 Hit or Miss
0%
2015 Hotline Bling
0%
2014 Hot N*
0%
2012 How bad can I be
0%
1990 Ice Ice Baby
0%
1930 Ievan polkka
0%
2008 I Like Em Big, I Like Em Chunky
0%
2018 I love it
0%
1999 I'm Blue
0%
2009 I'm on a boat
0%
1980 Imperial March
0%
1876 In The Hall of the Mountain King
0%
2011 I threw it on the ground
0%
2017 It's everyday bro
0%
1992 I Will Always Love You
0%
1977 Jaws Theme
0%
2011 Jizz in My Pants
0%
2018 Johnny Johnny
0%
2016 Juju on that beat
0%
1989 Just a friend
0%
2013 Kahoot Theme
0%
1860 Kalinka
0%
2016 kazoo kid
0%
1984 Keyboard Cat
0%
1999 Krusty Krab
0%
2000 Last Resort
0%
2013 Let it Go
0%
2012 Let it Grow
0%
1961 Let's Twist Again
0%
2017 Lit right now
0%
1968 Living in the Sunlight
0%
1986 Livin' on a Prayer
0%
2015 look at me
0%
2002 Lose Yourself
0%
1975 Low Rider
0%
1993 Macarena
0%
2011 Macintosh Plus
0%
2001 Mad World
0%
2017 Man's Not Hot
0%
2015 Megalovania
0%
2006 Mii Channel Theme
0%
2017 Mine
0%
2011 Minecraft Theme
0%
2016 Mine Diamonds
0%
2001 Monsters Inc Theme
0%
1995 Mortal Kombat theme
0%
1979 Moskau
0%
2018 Mother Love Me Long Time
0%
2001 Move B*
0%
1995 Mr Bombastic
0%
2016 Mr Clean
0%
2018 Muffin Time
0%
2004 My boo
0%
2002 My neck My back
0%
2008 Narwhals
0%
2017 Nick India
0%
2018 No Mercy
0%
2011 Nugget in a Biscuit
0%
1992 Nuthin but a G Thang
0%
2011 Nyan Cat
0%
1997 Ocean Man
0%
1984 Oh Yeah
0%
2019 Oh Yeah Yeah
0%
2019 Old Town Road
0%
2013 On the Floor
0%
2016 Original
0%
1858 Orphée aux enfers
0%
2011 Party Rock Anthem
0%
2002 Peanut Butter Jelly Time
0%
2005 Photograph
0%
1973 Piano Man
0%
1979 Pina Coladas
0%
1999 Pokemone theme
0%
2016 Pokemon Go song
0%
2012 Ponponpon
0%
2016 PPAP
0%
2010 Pumped up Kicks
0%
2013 Rap God
0%
2013 Rappin for jesus
0%
1978 Rasputin
0%
2016 Redbone
0%
2014 Resonance
0%
1870 Ride of the Valkyries
0%
2005 Ridin'
0%
2017 Ringatone
0%
1979 Rock Lobster
0%
2017 Rockstar
0%
2015 Run
0%
1995 Running in the 90's
0%
2002 Sad Violin
0%
1984 Safety Dance
0%
2010 Sanic Theme
0%
1994 Scatman
0%
1989 Seinfeld theme
0%
1978 September
0%
2016 Sex Offender Shuffle
0%
2011 Sexy and I know it
0%
1986 Shadilay
0%
2014 Silhouette
0%
1988 Smooth Criminal
0%
1964 Sound of Silence
0%
1965 Spanish Flea
0%
2007 Sparta Remix
0%
1996 Spooky Scary Skeletons
0%
2017 Sprite Cranberry
0%
2013 Started from the Bottom
0%
2017 stfu
0%
1999 Still D.R.E
0%
2015 Stressed out
0%
1985 Super Mario Bros. Theme
0%
2018 Super Smash Bros Theme
0%
1963 Surfin Bird
0%
2017 Sweatshirt
0%
1983 Sweet Dreams
0%
1971 Take me Home, Country Road
0%
1999 The Bad Touch
0%
1867 The Blue Danube
0%
2009 The Duck song
0%
1902 The Entertainer
0%
2017 The Fall Of Jake Paul
0%
1968 The Good Bad and the Ugly Theme
0%
2010 The Guacamole Song
0%
2007 The Gummy Bear Song
0%
2009 The Ipat
0%
2016 The Last Stand
0%
1961 The Lion Sleeps Tonight
0%
1994 The Magic School Bus theme
0%
2005 The Mine Song
0%
1999 The Next Episode
0%
2017 The race
0%
2017 These Heaux
0%
2001 The Seventh Element
0%
2005 The Time is Now
0%
2018 This is America
0%
2013 This is Gospel
0%
1984 Thomas the Tank Engine
0%
2006 Through the Fire and Flame
0%
1990 Thunderstruck
0%
1997 Titanic Theme
0%
1704 Toccata and Fugue In D Minor
0%
1999 Tomfoolery
0%
2014 trndsttr
0%
1976 Trololo
0%
1983 True
0%
2013 Turn Down for What
0%
1990 U Can't Touch This
0%
2015 Ultimate
0%
2005 Untitled
0%
2013 Upper Echelon
0%
2014 Uptown Funk
0%
2008 Vsause Theme
0%
2015 Watch me
0%
1999 We Like to Party
0%
2005 Whatcha Say
0%
2013 What Does The Fox Say
0%
1993 What Is Love
0%
2007 What What
0%
2003 Where the Hood At
0%
2000 Who Let the Dogs Out
0%
2016 Why You Always Lyin
0%
2014 Wiggle
0%
1824 William Tell Overture
0%
2016 Wolves
0%
1995 Wonderwall
0%
2013 Wrecking Ball
0%
2003 X Gon Give it to Ya
0%
1963 Yakety Sax
0%
2004 Yeah
0%
1988 Yee
0%
1978 YMCA
0%
2018 Yodeling kid
0%
1995 Yoshi's Island Theme
0%
2005 You Are a Pirate
0%
2014 You Reposted in the Wrong Neighborhood
0%
2016 You're Welcome
0%
1984 You Spin Me Round
0%
No matching quizzes found
Score Distribution
Percent of People with Each Score
Percentile by Number Answered
Your Score History
You have not taken this quiz since the last reset